000
00266nam a22000977a 4500
999
_c
11078
_d
11078
008
180824b ||||| |||| 00| 0 eng d
020
_a
9788178557403
100
_a
Aggarwal,M.L.
_9
6855
245
_a
Mathematics-XI
_b
Value based questions
260
_a
New Delhi
_b
Arya
_c
2018